000 00283nam a2200109Ia 4500
008 220204s9999 xx 000 0 und d
082 _a091
_bVAS.1-3
100 _aVasukuttan, K A
245 0 _aBhoomisastram. V 1-3
260 _aTrivandrum
_bState Inst of Languages
_c1973
942 _cBK
999 _c26344
_d26344